ロード中...
Viplav yeg ki aahuthiyaam /
| 第一著者: | |
|---|---|
| フォーマット: | Printed Book |
| 言語: | Hindi |
| 出版事項: |
Kanthkaari ,
1970.
|
| LEADER | 00408nam a2200133Ia 4500 | ||
|---|---|---|---|
| 008 | 150624b xxu||||| |||| 00| | hin d | ||
| 100 | |a Bhatkanath Agrawal | ||
| 245 | |c Bhatkanath Agrawal |a Viplav yeg ki aahuthiyaam / | ||
| 260 | |b Kanthkaari , |c 1970. | ||
| 300 | |a 328 p. | ||
| 546 | |a In Hindi. | ||
| 942 | |c BK | ||
| 999 | |c 89056 |d 89056 | ||
| 952 | |0 1 |1 0 |4 0 |7 0 |9 89000 |a UL |b UL |c ST1 |d 1998-09-15 |l 0 |p 23001 |r 2012-10-27 |w 2012-10-27 |y BK | ||